Bandas Semana Santa de Sevilla - Estadísticas

Estadísticas generales
  • Esta prueba ha sido intentada 108 veces
    28 desde el último reinicio
  • La puntuación promedio es 48 de 150
Estadísticas de respuestas
Cofradía Imagen Banda % Correcto
Hermandad de la Milagrosa Nuestro Padre Jesús de la Esperanza en la Puente del Cedrón AM Virgen de los Reyes
75%
Hermandad del Despojado Nuestro Padre Jesús Despojado AM Virgen de los Reyes
75%
Jesús Cautivo y Rescatado (vuelta) AM Virgen de los Reyes
75%
Hermandad de San Esteban Cristo de la Salud y Buen Viaje AM Virgen de los Reyes
75%
Hermandad de la Resurrección Jesús Resucitado AM Virgen de los Reyes
75%
Hermandad del Dulce Nombre de Bellavista Nuestro Padre Jesús de la Salud y Remedios AM Redención
56%
Hermandad de la Humildad Nuestro Padre Jesús de la Humildad AM Redención
56%
Hermandad de la Redención Cristo de la Redención AM Redención
56%
Hermandad de Montesión Oración en el Huerto AM Redención
56%
Virgen del Amor BM La Puebla del Río
50%
Agrupación Parroquial Desamparados Santísimo Cristo de los Desamparados BM La Puebla del Río
50%
Virgen de la Paz BM La Puebla del Río
50%
Virgen del Rosario Doloroso (vuelta) BM La Puebla del Río
50%
Virgen de la Encarnación BM La Puebla del Río
50%
Hermandad del Cachorro Cristo de la Expiración BM La Puebla del Río
50%
Hermandad del Amor Cristo del Amor Silencio
50%
Hermandad de Santa Marta Santa Marta Silencio
50%
Hermandad del Museo Cristo de la Expiración Silencio
50%
Hermandad de los Javieres Cristo de las Almas Silencio
50%
Hermandad de los Estudiantes Cristo de la Buena Muerte Silencio
50%
Hermandad del Valle Cristo de la Coronación de Espinas Silencio
50%
Hermandad de Pasión Jesús de Pasión Silencio
50%
Hermandad del Gran Poder Jesús del Gran Poder Silencio
50%
Virgen del Mayor Dolor y Traspaso Silencio
50%
Hermandad del Calvario Cristo del Calvario Silencio
50%
Virgen de la Presentación Silencio
50%
Hermandad de Loreto Cristo de las Tres Caídas Silencio
50%
Virgen de Loreto Silencio
50%
Hermandad de la Soledad de San Lorenzo Virgen de la Soledad Silencio
50%
Virgen del Subterráneo BM Maestro Tejera
44%
Virgen de los Dolores BM Maestro Tejera
44%
Virgen de los Dolores BM Maestro Tejera
44%
Madre de Dios de la Palma BM Maestro Tejera
44%
Virgen del Valle BM Maestro Tejera
44%
Virgen de Montserrat BM Maestro Tejera
44%
Hermandad de la Amargura Nuestro Padre Jesús del SIlencio CCTT Tres Caídas de Triana
44%
Hermandad de la Candelaria Crsto de la Salud CCTT Tres Caídas de Triana
44%
Hermandad de la Lanzada Cristo de la Lanzada CCTT Tres Caídas de Triana
44%
Hermandad de la Esperanza de Triana Cristo de las Tres Caídas CCTT Tres Caídas de Triana
44%
Hermandad de Montserrat Cristo de la Conversión CCTT Tres Caídas de Triana
44%
Cristo de las Cinco Llagas CCTT Tres Caídas de Triana
44%
Hermandad de San José Obrero Nuestro Padre Jesús de la Caridad AM Los Gitanos
38%
Hermandad de los Gitanos Cristo de la Salud AM Los Gitanos
38%
Hermandad de Pino Montano Nuestro Padre Jesús de Nazareth AM Nuestra Señora de la Encarnación
38%
Hermandad del Divino Perdón de Alcosa Nuestro Padre Jesús del Divino Perdón AM Nuestra Señora de la Encarnación
38%
Hermandad de la Paz Nuestro Padre Jesús de la Victoria AM Nuestra Señora de la Encarnación
38%
Hermandad de San Benito Sagrada Presentación de Jesús al Pueblo AM Nuestra Señora de la Encarnación
38%
Hermandad de Santa Genoveva Jesús Cautivo en el Abandono de sus Discípulos AM Pasión de Linares
38%
Hermandad del Carmen Doloroso Cristo de la Paz AM Pasión de Linares
38%
Virgen del Rosario BM Las Cigarreras
38%
VIrgen del Socorro BM Las Cigarreras
38%
Virgen de los Desamparados BM Las Cigarreras
38%
Virgen de la Victoria BM Las Cigarreras
38%
Virgen de la Esperanza de Triana BM Las Cigarreras
38%
Virgen de la Aurora BM Las Cigarreras
38%
Cristo de la Sangre CCTT Cristo de la Sangre
38%
Hermandad de la Misión Santo Cristo de la Misión CCTT Las Cigarreras
38%
Hermandad de la Cena Señor de la Sagrada Cena CCTT Las Cigarreras
38%
Hermandad de San Gonzalo Jesús en su Soberano Poder ante Caifás CCTT Las Cigarreras
38%
Hermandad de la Bofetá Nuestro Padre Jesús ante Anás CCTT Las Cigarreras
38%
Hermandad de los Panaderos Jesús del Soberano Poder en su Prendimiento CCTT Las Cigarreras
38%
Hermandad de las Cigarreras Cristo de Columna y Azotes CCTT Las Cigarreras
38%
Hermandad de la Carretería Cristo de la Salud CCTT Las Cigarreras
38%
Hermandad de la Trinidad Sagrado Decreto CCTT Las Cigarreras
38%
Hermandad de la Estrella Nuestro Padre Jesús de las Penas CCTT Rosario de Cádiz
38%
Hermandad de las Aguas Cristo de las Aguas CCTT Rosario de Cádiz
38%
Hermandad de la Sed Cristo de la Sed CCTT Rosario de Cádiz
38%
Hermandad de la Exaltación Cristo de la Exaltación CCTT Rosario de Cádiz
38%
Hermandad de la Hiniesta Stmo Cristo de la Buena Muerte AM Santa María Magdalena de Arahal
31%
Hermandad de San Pablo Jesús Cautivo y Rescatado (ida) AM Santa María Magdalena de Arahal
31%
Virgen de la Amargura BM Carmen de Salteras
31%
Virgen de las Mercedes BM Carmen de Salteras
31%
Virgen de la Caridad BM Carmen de Salteras
31%
Virgen de la Esperanza Macarena BM Carmen de Salteras
31%
Virgen de la O BM Carmen de Salteras
31%
Virgen de Gracia y Esperanza BM Cruz Roja
31%
Virgen del Rocío BM Cruz Roja
31%
Virgen de la Candelaria BM Cruz Roja
31%
Virgen del Refugio BM Cruz Roja
31%
Virgen del Rosario BM Cruz Roja
31%
Hermandad de las Maravillas Nuestro Padre Jesús de los Afligidos CCTT Nuestra Señora del Sol
31%
Cofradía del Amor Sagrada Entrada en Jerusalén CCTT Nuestra Señora del Sol
31%
Hermandad del Baratillo Virgen de la Piedad CCTT Nuestra Señora del Sol
31%
Hermandad de la O Nuestro Padre Jesús Nazareno CCTT Nuestra Señora del Sol
31%
Hermandad del Sol Varón de Dolores CCTT Nuestra Señora del Sol
31%
Hermandad de Padre Pío Palmete Nuestro Padre Jesús de la Salud y Clemencia AM Lágrimas de Dolores de San Fernando
25%
Santo Entierro BM Municipal
25%
Virgen de los Dolores BM Nieves de Olivares
25%
Virgen del Rosario Doloroso (ida) BM Nieves de Olivares
25%
Virgen de los Dolores BM Nieves de Olivares
25%
Nuestra Señora de la Palma BM Nieves de Olivares
25%
Virgen de los Ángeles BM Nieves de Olivares
25%
Virgen de las Angustias BM Nieves de Olivares
25%
Virgen de la Estrella BM Oliva de Salteras
25%
Virgen de las Aguas BM Oliva de Salteras
25%
Virgen del Dulce Nombre BM Oliva de Salteras
25%
Virgen de la Consolación (ida) BM Oliva de Salteras
25%
Virgen de la Merced BM Oliva de Salteras
25%
Virgen del Patrocinio BM Oliva de Salteras
25%
Virgen de la Esperanza BM Oliva de Salteras
25%
Virgen del Dulce Nombre BM Santa Ana Dos Hermanas
25%
Virgen de la Purísima Concepción BM Santa Ana Dos Hermanas
25%
Virgen de la Salud BM Santa Ana Dos Hermanas
25%
Virgen de Regla BM Santa Ana Dos Hermanas
25%
Virgen del Carmen Doloroso BM Soledad de Cantillana
25%
Hermandad de los Servitas Piedad de los Servitas BM Soledad de Cantillana
25%
Cristo del Desamparo y Abandono CCTT Centuria Romana Macarena
25%
Hermandad del Buen Fin Cristo del Buen Fin CCTT Centuria Romana Macarena
25%
Hermandad de la Macarena Jesús de la Sentencia CCTT Centuria Romana Macarena
25%
Cristo de las Siete Palabras CCTT Esencia
25%
Hermandad de los Dolores de Torreblanca Nuestro Padre Jesús Cautivo ante Pilatos AM La Sentencia de Jerez
19%
Cofradía de Bendición y Esperanza Nuestro Padre Jesús de la Bendición AM Santa María de la Esperanza
19%
Mª Stma de los Dolores y Misericordia BM Liceo de Moguer
19%
Hermandad de Pasión y Muerte Santísimo Cristo de Pasión y Muerte Capilla Musical
19%
Hermandad de la Corona Santísimo Cristo de la Corona Capilla Musical
19%
Cristo de la Humildad y Paciencia Capilla Musical
19%
Hermandad de VeraCruz Santísima Vera+Cruz Capilla Musical
19%
Virgen de las Tristezas Capilla Musical
19%
Hermandad de las Penas de San Vicente Jesús de las Penas Capilla Musical
19%
Hermandad de Santa Cruz Cristo de las Misericordias Capilla Musical
19%
Hermandad de las Siete Palabras Cristo de la Divina Misericordia Capilla Musical
19%
Hermandad del Cristo de Burgos Cristo de Burgos Capilla Musical
19%
Hermandad de los Negritos Cristo de la Fundación Capilla Musical
19%
Jesús con la Cruz al Hombro Capilla Musical
19%
Hermandad del Silencio Jesús Nazareno Capilla Musical
19%
Virgen de la Concepción Capilla Musical
19%
Hermandad de la Sagrada Mortaja Sagrada Mortaja Capilla Musical
19%
Hermandad del Santo Entierro La Canina Capilla Musical
19%
Hermandad de San Bernardo Cristo de la Salud CCTT Presentación al Pueblo Dos Hermanas
19%
Virgen de Gracia y Amparo BM Julián Cerdán de Sanlúcar de Barrameda
13%
Virgen del Mayor Dolor en su Soledad BM Julián Cerdán de Sanlúcar de Barrameda
13%
Virgen de los Dolores BM Municipal Coria del Río
13%
Virgen de la Soledad BM Municipal Coria del Río
13%
Cofradía de la Paz y Misericordia Santísimo Cristo de la Paz CCTT Nuestra Señora de los Ángeles
13%
Cofradía del Rosario de San Jerónimo Cristo del Amor en su Divina Misericordia AM Nuestro Padre Jesús Nazareno de la Algaba
6%
Virgen de la Cabeza BM Carmen de Villalba del Alcor
6%
Hermandad de la Quinta Angustia Sagrado Descendimiento BM Carmen de Villalba del Alcor
6%
Virgen del Sol BM Fernando Guerrero Los Palacios y Villafranca
6%
Virgen de Villaviciosa BM Fuerza Terrestre
6%
Virgen del Buen Fin BM La Paz Málaga
6%
Virgen de la Salud BM Municipal Bollullos Par del Condado
6%
Virgen de las Lágrimas BM Municipal de Arahal
6%
Virgen de la Hiniesta BM Municipal Mairena del Alcor
6%
Virgen de Guadalupe BM Municipal Mairena del Alcor
6%
Virgen de la Consolación (vuelta) BM Municipal Mairena del Alcor
6%
Hermandad de la Soledad de San Buenaventura Soledad de San Buenaventura BM Municipal Mairena del Alcor
6%
Virgen de la Angustia BM Virgen del Águila de Alcalá de Guadaira
6%
Virgen de la Divina Gracia BM Virgen de las Angustias de Sanlucar la Mayor
6%
Hermandad de San Roque Nuestro Padre Jesús de las Penas CCTT Jesús Nazareno de Huelva
6%
Hermandad del Cerro Cristo de la Humildad CCTT Jesús Nazareno de Huelva
6%
No se encontraron pruebas coincidentes
Distribución de puntuación
Porcentaje de gente con cada puntuación
Porcentaje por número respondido
Historial de tus puntuaciones
No has intentado esta prueba desde el último reinicio